| 000 | 00636nam a2200241Ia 4500 | ||
|---|---|---|---|
| 008 | 171120s9999 xx 000 0 und d | ||
| 020 | _a9710867431 | ||
| 050 | _a338.04 | ||
| 050 | _bC198 2006 | ||
| 100 | _aCamposano, Jorge A. | ||
| 245 | _aEntrepreneurship for modern business / | ||
| 245 | _cby Jorge A. Camposano. | ||
| 260 | _aPhilippines : | ||
| 260 | _bNational Book Store, | ||
| 260 | _c2006 | ||
| 300 | _a524 pages : | ||
| 300 | _billustrations ; | ||
| 300 | _c21cm. | ||
| 500 | _aIncludes appendix and bibliograpic reference. | ||
| 650 | _aEntrepreneurs. | ||
| 650 | _aEntrepreneurship. | ||
| 700 | _aTitle. | ||
| 999 |
_c345368 _d345368 |
||